Ekonomická transformácia Japonska a jeho súčasné problémy bakalárska práca

Gespeichert in:
Bibliographische Detailangaben
1. Verfasser: Hránková, Lucia
Körperschaft: Fakulta medzinárodných vzťahov EU. Katedra medzinárodných ekonomických vzťahov a hospodárskej diplomacie
Weitere Verfasser: Szikorová, Nóra
Format: Buch
Sprache:Slowakisch
Veröffentlicht: Bratislava 2014
Tags: Tag hinzufügen
Keine Tags, Fügen Sie das erste Tag hinzu!

MARC

LEADER 00000nbm a2200000 4500
001 0187694
005 20170201090730.9
041 0 |a slo 
044 |a SK 
245 1 0 |a Ekonomická transformácia Japonska a jeho súčasné problémy  |b bakalárska práca  |c Lucia Hránková ; školiteľ: Nóra Szikorová 
264 1 |a Bratislava  |c 2014 
300 |a 55 s. 
100 1 |a Hránková, Lucia 
700 1 |a Szikorová, Nóra 
710 2 |a Fakulta medzinárodných vzťahov EU. Katedra medzinárodných ekonomických vzťahov a hospodárskej diplomacie